| 000 | 00436nam a2200181Ia 4500 | ||
|---|---|---|---|
| 008 | 210210b1958 xxu||||| |||| 00| 0 eng d | ||
| 041 | _aeng | ||
| 082 | _a520/137 | ||
| 100 | _aPERELMAN (Y) | ||
| 245 | _aAstronomy for entertainment | ||
| 260 |
_aMoscow _bForeign Languages Publishing House _c1958 |
||
| 300 | _a193 | ||
| 650 | _afor | ||
| 650 | _aentertainment | ||
| 650 | _aAstronomy | ||
| 690 | _aAstronomy | ||
| 906 | _a008122 | ||
| 999 |
_c126046 _d126046 |
||